000 00789nam a2200265 i 4500
001 C2-0241029
003 PPAK
005 20180727203549.0
008 020730s2001 flu |||| ||||| | eng d
020 _a1558748040
040 _aPPAK
_beng
_cPPAK
_erda
082 0 4 _a158.1280835
_223
090 0 0 _a158.1280835
_bCAN
_dG
100 1 _aCanfield, Jack,
_eauthor
245 1 0 _aChicken soup for the teenage soul letters :
_bletter of life, love and learning
264 1 _aDeerfield Beach, Florida :
_bHealth Communications, Inc. ,
_c2001
300 _axxiv, 325 pages ;
_c22 cm
336 _2rdacontent
_atext
337 _2rdamedia
_aunmediated
338 _2rdacarrier
_avolume
500 _aJilid II
650 1 0 _aTeenagers - Conduct of Life
700 _eauthor
942 _ddc
_cB
999 _c56176
_d56176